|
|
|
|
| LEADER |
02514nam a2200673 4500 |
| 001 |
ocn847842764 |
| 003 |
OCoLC |
| 005 |
20170124071421.7 |
| 006 |
m o d |
| 007 |
cr ||||||||||| |
| 008 |
130611s2013 enk ob 001 0 eng |
| 010 |
|
|
|a 2013023617
|
| 040 |
|
|
|a DLC
|b eng
|e rda
|c DLC
|d YDX
|d DG1
|d IDEBK
|d N$T
|d CUS
|d CUI
|d E7B
|d YDXCP
|d OCLCF
|d DEBBG
|d OCLCO
|d EBLCP
|d COO
|d GrThAP
|
| 019 |
|
|
|a 961538121
|a 962678063
|
| 020 |
|
|
|a 9781118536612 (ePub)
|
| 020 |
|
|
|a 1118536614 (ePub)
|
| 020 |
|
|
|a 9781118536629 (Adobe PDF)
|
| 020 |
|
|
|a 1118536622 (Adobe PDF)
|
| 020 |
|
|
|a 9781118536636 ( MobiPocket)
|
| 020 |
|
|
|a 1118536630 ( MobiPocket)
|
| 020 |
|
|
|z 9780470972878 (cloth)
|
| 020 |
|
|
|a 9781118536605
|
| 020 |
|
|
|a 1118536606
|
| 020 |
|
|
|a 0470972874 (cloth)
|
| 020 |
|
|
|a 9780470972878 (cloth)
|
| 029 |
1 |
|
|a AU@
|b 000051634941
|
| 029 |
1 |
|
|a NZ1
|b 15341643
|
| 029 |
1 |
|
|a DKDLA
|b 820120-katalog:000664851
|
| 029 |
1 |
|
|a CHVBK
|b 334085047
|
| 029 |
1 |
|
|a CHBIS
|b 010441758
|
| 029 |
1 |
|
|a DEBBG
|b BV041904721
|
| 029 |
1 |
|
|a DEBBG
|b BV041345972
|
| 035 |
|
|
|a (OCoLC)847842764
|z (OCoLC)961538121
|z (OCoLC)962678063
|
| 042 |
|
|
|a pcc
|
| 050 |
0 |
0 |
|a TJ1191.5
|
| 072 |
|
7 |
|a TEC
|x 040000
|2 bisacsh
|
| 082 |
0 |
0 |
|a 671.3/5
|2 23
|
| 049 |
|
|
|a MAIN
|
| 245 |
0 |
0 |
|a Micro cutting :
|b fundamentals and applications /
|c edited by Kai Cheng, Dehong Huo.
|
| 246 |
3 |
0 |
|a Microcutting
|
| 264 |
|
1 |
|a Chichester, West Sussex, United Kingdom :
|b John Wiley & Sons Inc.,
|c 2013.
|
| 300 |
|
|
|a 1 online resource.
|
| 336 |
|
|
|a text
|2 rdacontent
|
| 337 |
|
|
|a computer
|2 rdamedia
|
| 338 |
|
|
|a online resource
|2 rdacarrier
|
| 490 |
1 |
|
|a Microsystem and nanotechnology series
|
| 504 |
|
|
|a Includes bibliographical references and index.
|
| 588 |
|
|
|a Description based on print version record and CIP data provided by publisher.
|
| 650 |
|
0 |
|a Micromachining.
|
| 650 |
|
7 |
|a TECHNOLOGY & ENGINEERING
|x Technical & Manufacturing Industries & Trades.
|2 bisacsh
|
| 650 |
|
7 |
|a Micromachining.
|2 fast
|0 (OCoLC)fst01019888
|
| 655 |
|
4 |
|a Electronic books.
|
| 655 |
|
7 |
|a Electronic books.
|2 local
|
| 700 |
1 |
|
|a Cheng, K.
|q (Kai),
|e editor of compilation.
|
| 700 |
1 |
|
|a Huo, Dehong,
|e editor of compilation.
|
| 776 |
0 |
8 |
|i Print version:
|t Micro cutting
|d Chichester, West Sussex, United Kingdom : John Wiley & Sons Inc., 2013
|z 9780470972878
|w (DLC) 2013015108
|
| 830 |
|
0 |
|a Wiley microsystem and nanotechnology series.
|
| 856 |
4 |
0 |
|u https://doi.org/10.1002/9781118536605
|z Full Text via HEAL-Link
|
| 994 |
|
|
|a 92
|b DG1
|